000 00506nam a22001457a 4500
005 20241120194620.0
008 241120b |||||||| |||| 00| 0 eng d
110 _aRepublic of Ghana
245 _aThe Supreme Court of Ghana Law Reports 2000
_cAdvanced Legal Publications
260 _aAccra, Ghana
_bAdvanced Legal Publications
_c2000
300 _axliii, 604 pages
_c24.5 cm
500 _aCases determined by the Supreme Court of the Republic of Ghana
650 _2Law Reports
_xGhana
942 _2lcc
_cBK
_n0
999 _c1392
_d1392